LEADER 01182nam0-22003851i-450- 001 990004350260403321 005 20070123105401.0 010 $a0-8039-0506-8 035 $a000435026 035 $aFED01000435026 035 $a(Aleph)000435026FED01 035 $a000435026 100 $a19990604d1976----km-y0itay50------ba 101 0 $aeng 105 $ay-------001yy 200 1 $a<>political economy of contemporary Africa$fPeter C.W. Gutkind and Immanuel Wallerstein, Editors 210 $aBeverly Hills, London$cSage$dc1976 215 $a318 p.$d24 cm 225 1 $aSage series on African modernization and development$v1 610 0 $aAfrica$aEconomia 676 $a338.96$v21$zita 702 1$aGutkind,$bPeter C. w. 702 1$aWallerstein,$bImmanuel$f<1930- > 801 0$aIT$bUNINA$gRICA$2UNIMARC 901 $aBK 912 $a990004350260403321 952 $aF/1.1 POL$b7880/I$fSES 952 $aF/1.1 POL$b10653/I$fSES 952 $a338.96 GUT 1$bBibl.2111$fFLFBC 952 $aCOLLEZ. 520 (1)$b11441$fFSPBC 959 $aFLFBC 959 $aSES 959 $aFSPBC 996 $aPolitical Economy of Contemporary Africa$9458753 997 $aUNINA LEADER 02501oam 2200529 a 450 001 9910697882403321 005 20081202165212.0 035 $a(CKB)5470000002392156 035 $a(OCoLC)259700972 035 $a(EXLCZ)995470000002392156 100 $a20081001d2008 ua 0 101 0 $aeng 135 $aurmn||||||||| 181 $ctxt$2rdacontent 182 $cc$2rdamedia 183 $acr$2rdacarrier 200 10$aClimate change$b[electronic resource] $efederal actions will greatly affect the viability of carbon capture and storage as a key mitigation option : report to the Chairman of the Select Committee on Energy Independence and Global Warming, House of Representatives /$fUnited States Government Accountability Office 210 1$a[Washington, D.C.] :$cU.S. Govt. Accountability Office,$d[2008] 215 $aii, 66 pages $cdigital, PDF file 300 $aTitle from title screen (viewed on Oct. 1, 2008). 300 $a"September 2008." 300 $aPaper version available from: U.S. Govt. Accountability Office, 441 G St., NW, Rm. LM, Washington, D.C. 20548. 300 $a"GAO-08-1080." 320 $aIncludes bibliographical references. 330 $aAs requested, GAO examined (1) key economic, legal, regulatory, and technological barriers impeding commercial-scale deployment of CCS technology and (2) actions the Department of Energy (DOE), Environmental Protection Agency (EPA), and other agencies are taking to overcome barriers to commercial-scale deployment of CCS technology. 517 $aClimate change 606 $aEmissions trading$zUnited States$xEvaluation 606 $aCarbon sequestration$zUnited States$xMeasurement 606 $aCarbon dioxide sinks$zUnited States$xMeasurement 606 $aCarbon dioxide mitigation$zUnited States 606 $aGreenhouse gas mitigation$zUnited States 606 $aClimatic changes$xRisk management$zUnited States 615 0$aEmissions trading$xEvaluation. 615 0$aCarbon sequestration$xMeasurement. 615 0$aCarbon dioxide sinks$xMeasurement. 615 0$aCarbon dioxide mitigation 615 0$aGreenhouse gas mitigation 615 0$aClimatic changes$xRisk management 712 02$aUnited States.$bCongress.$bHouse.$bSelect Committee on Energy Independence and Global Warming. 801 0$bEJB 801 1$bEJB 801 2$bEJB 801 2$bGPO 906 $aBOOK 912 $a9910697882403321 996 $aClimate change$9250420 997 $aUNINA